Most Populous Pennsylvania Municipalities by Decade - Statistics

General Stats
  • This quiz has been taken 127 times
  • The average score is 12 of 22
Answer Stats
Hint Answer % Correct
1820 Pittsburgh
100%
1810 Philadelphia
99%
1840 Harrisburg
97%
1930 Erie
94%
1970 Allentown
90%
1950 Scranton
90%
1830 Lancaster
77%
1850 Reading
71%
1990 Wilkes-Barre
68%
1860 York
68%
1980 Altoona
65%
2010 Bethlehem
63%
2020 Chester
43%
1960 Williamsport
41%
2000 Johnstown
39%
1880 Easton
36%
1940 Norristown
22%
1900 Washington
21%
1870 Carlisle
18%
1890 Chambersburg
16%
1920 Pottsville
15%
1910 Columbia
3%
No matching quizzes found
Score Distribution
Percent of People with Each Score
Percentile by Number Answered
Your Score History
You have not taken this quiz